[Event "Petroupoli ASOP Dias Seniors op"]
[Site "Petroupoli"]
[Date "2014.04.12"]
[Round "4.5"]
[White "Mavroudis, Dionisios"]
[Black "Kiousis, Georgios"]
[Result "1-0"]
[WhiteElo "1573"]
[BlackElo "1281"]
[PlyCount "103"]
[EventDate "2014.03.22"]
[EventType "swiss"]
[EventRounds "7"]
[EventCountry "GRE"]
[SourceTitle "EXT 2024"]
[Source "ChessBase"]
[SourceDate "2023.10.10"]
[SourceVersion "1"]
[SourceVersionDate "2023.10.10"]
[SourceQuality "1"]

1. d4 d5 2. Nf3 Nf6 3. a3 e6 4. c4 Nbd7 5. Nc3 Be7 6. c5 c6 7. b4 0-0 8. g3 Re8 9. Bg2 Nf8 10. 0-0 Ng6 11. a4 Bf8 12. Bb2 Bd7 13. b5 Qc7 14. Qb3 e5 15. b6 axb6 16. cxb6 Qb8 17. dxe5 Nxe5 18. Nxe5 Rxe5 19. e3 Rh5 20. Ne2 Ne4 21. Qc2 Bf5 22. Qd1 Bd6 23. Nf4 Bxf4 24. Qxh5 Bg6 25. Qg4 Be5 26. Bxe5 Qxe5 27. Qf4 Qe8 28. Bxe4 Bxe4 29. f3 Bd3 30. Rfe1 Qd8 31. a5 c5 32. e4 d4 33. e5 c4 34. e6 Qe7 35. Qxd4 fxe6 36. Qe5 Kf7 37. Re3 h6 38. Rc1 g5 39. Rxd3 cxd3 40. Rc7 Rd8 41. Rxe7+ Kxe7 42. Qg7+ Ke8 43. Qa1 d2 44. Qd1 e5 45. Kf2 Ke7 46. Ke2 Ke6 47. Qb3+ Rd5 48. Kd1 g4 49. fxg4 e4 50. a6 Ke5 51. Qxd5+ Kxd5 52. a7 1-0

[Event "Petroupoli-ch"]
[Site "Petropouli"]
[Date "2014.02.08"]
[Round "3"]
[White "Kiousis, Georgios"]
[Black "Agriopoulou, Stavroula"]
[Result "1-0"]
[WhiteElo "1260"]
[BlackElo "1000"]
[PlyCount "42"]
[EventDate "2014.01.25"]
[EventType "swiss"]
[EventRounds "7"]
[EventCountry "GRE"]
[SourceTitle "EXT 2015"]
[Source "ChessBase"]
[SourceDate "2014.11.20"]
[SourceVersion "1"]
[SourceVersionDate "2014.11.20"]
[SourceQuality "1"]

1. e4 d5 2. exd5 Qxd5 3. Nc3 Qa5 4. d4 Bf5 5. Nf3 e6 6. Bd2 c6 7. Bc4 Nf6 8. 0-0 Bd6 9. Re1 0-0 10. Ne4 Qd8 11. Nxd6 Qxd6 12. a3 Nbd7 13. Bb4 c5 14. dxc5 Qxd1 15. Raxd1 Bxc2 16. Rc1 Bg6 17. c6 Rfd8 18. cxd7 Nxd7 19. Red1 Bh5 20. Be2 Nf6 21. Rxd8+ Rxd8 1-0

[Event "Petroupoli ASOP Dias Seniors op"]
[Site "Petroupoli"]
[Date "2013.04.13"]
[Round "3.18"]
[White "Kiousis, Georgios"]
[Black "Abelakiotis, Stavros"]
[Result "0-1"]
[WhiteElo "1000"]
[BlackElo "1378"]
[PlyCount "108"]
[EventDate "2013.03.30"]
[EventType "swiss"]
[EventRounds "7"]
[EventCountry "GRE"]
[SourceTitle "EXT 2024"]
[Source "ChessBase"]
[SourceDate "2023.10.10"]
[SourceVersion "1"]
[SourceVersionDate "2023.10.10"]
[SourceQuality "1"]

1. e4 c5 2. Nf3 d6 3. d4 cxd4 4. Nxd4 Nf6 5. Nc3 a6 6. Bc4 e6 7. Bg5 Be7 8. 0-0 0-0 9. Qd3 b5 10. Bb3 Bb7 11. a3 Nbd7 12. Qe2 Nc5 13. Rfe1 Nfxe4 14. Nxe4 Nxe4 15. Bf4 e5 16. Be3 exd4 17. Bxd4 Bf6 18. Bxf6 Nxf6 19. Rad1 Re8 20. Qd3 Rxe1+ 21. Rxe1 Qd7 22. Rd1 Re8 23. f3 d5 24. c3 Qe7 25. Qd2 Qe2 26. Qxe2 Rxe2 27. Rb1 Kf8 28. Kf1 Rd2 29. h3 Nh5 30. Ke1 Rxg2 31. Ba2 Rh2 32. Rd1 Nf6 33. Rd2 Rxh3 34. Rd3 Rh2 35. b4 Rxa2 36. Rd2 Rxa3 37. Rd3 a5 38. bxa5 Rxa5 39. Ke2 Ra3 40. Kd2 d4 41. Rxd4 Bxf3 42. Rb4 Nd5 43. Rxb5 Rxc3 44. Rb8+ Ke7 45. Rb7+ Kf6 46. Ra7 h5 47. Ra6+ Kg5 48. Ra7 Rc7 49. Ra3 Be4 50. Ra4 Rc2+ 51. Kd1 Nc3+ 52. Ke1 Nxa4 53. Kf1 h4 54. Kg1 h3 0-1